000
00264nam a22001097a 4500
003
OSt
005
20260225144541.0
008
260225b |||||||| |||| 00| 0 eng d
040
_c
Mvule Africa
245
_a
frican Institute for Leaders and Leadership
942
_2
ddc
_c
BK
999
_c
4177
_d
4177